000 00426nam a2200169Ia 4500
008 230524s9999 xx 000 0 und d
020 _a9780070583887
082 _a610.28
_bRED
100 _aD.C.Reddy
245 0 _aBiomedical Signal Processing Principles and Techniques
250 _a1ST
260 _aNEW DELHI
_bTMH
_c2005
300 _aIX;405
500 _aQuantity Number: 12
650 _aBiomedical
942 _cBK
999 _c35005
_d35005